Statistics for Which City in Sweden?

Click here to take the quiz!

General Stats

  • This quiz has been taken 560 times
    (392 since last reset)
  • The average score is 13 of 20

Answer Stats

DescriptionLetterCity% Correct
Capital of SwedenSStockholm
99%
Connects to Copenhagen through the Öresund BridgeMMalmö
97%
Largest port of both Sweden. Volvo headquartersGGothenburg
93%
Home to the oldest university in Sweden. Also the nation's former capitalUUppsala
86%
IKEA headquarters between 2005-15. Facing the Danish city of HelsingørHHelsingborg
73%
Site a 1397 treaty joining Denmark, Sweden, and Norway under one kingKKalmar
72%
Capital of Gotland. Was the leading centre in the Baltic before the Hanseatic LeagueVVisby
72%
Biggest city in northern Sweden. Home to a prestigious universityUUmeå
71%
Most populous city by the lake of Vänern. Swedish for "Charlestown"KKarlstad
70%
City in central Sweden known for its manufacturing industry in the 19th centuryÖÖrebro
70%
Most populous city by the lake of Vättern. Where "The Cardigans" originatedJJönköping
69%
Northernmost Swedish city. Has been relocating eastwards since 2014 to counter
mining-related subsidence
KKiruna
63%
Coastal city near the Finnish border that has Sweden's northernmost universityLLuleå
62%
Primary setting of Henning Mankell's detective series "Wallander"YYstad
58%
Sweden's top ski resort. Only has three lettersÅÅre
54%
Where Sabaton originated. Namesake of a spiritual movement ending in "Gong"FFalun
54%
Birthplace of the clothing brand H&M. Borders the lake of MälarenVVästerås
51%
City in Småland where the first IKEA store was builtÄÄlmhult
35%
City in northern Sweden that hosted the 1976 Winter Paralympics,
the first Winter Paralympics
ÖÖrnsköldsvik
32%
Small village where four chemical elements were discoveredYYtterby
26%

Score Distribution

Percentile by Number Answered

Percent of People with Each Score

Your Score History

You have not taken this quiz since the last reset